Những quy định mới về tuyển dụng , sử dụng, thôi việc, tiền lương, bảo hiểm xã hội đối với người lao động và cán bộ, công chức

Zapisane w:
Opis bibliograficzny
1. autor: Nguyễn, Xuân
Format: Książka
Język:Undetermined
Wydane: Hà Nội Thống kê 2003
Hasła przedmiotowe:
Etykiety: Dodaj etykietę
Nie ma etykietki, Dołącz pierwszą etykiete!
Thư viện lưu trữ: Trung tâm Học liệu Trường Đại học Cần Thơ
LEADER 00702nam a2200193Ia 4500
001 CTU_60532
008 210402s9999 xx 000 0 und d
020 |c 80000 
082 |a 344.59701 
082 |b X502 
100 |a Nguyễn, Xuân 
245 0 |a Những quy định mới về tuyển dụng , sử dụng, thôi việc, tiền lương, bảo hiểm xã hội đối với người lao động và cán bộ, công chức 
245 0 |c Nguyễn Xuân 
260 |a Hà Nội 
260 |b Thống kê 
260 |c 2003 
650 |a Labor law and legislation 
904 |i Minh,Hải 
980 |a Trung tâm Học liệu Trường Đại học Cần Thơ